000 00634nam a2200265Ia 4500
005 20260121161443.0
008 008 260114s9999 xx 000 0 eng d
020 _a9780429064937
037 _aEBOOK
040 _aCRL
040 _beng
040 _cCRL
041 _2eng
041 _aeng
084 _qCRL
100 _aLogical Labyrinths
_91045054
245 0 _aRaymond Smullyan
260 _bTaylor and Francis
260 _c2008
650 _aFoundations & Theorems
_91045055
856 _uhttp://www.taylorfrancis.com/books/9780429064937
942 _cEBOOK
999 _c1610935
_d1610935